John / (Record no. 9761)
[ view plain ]
| 000 -LEADER | |
|---|---|
| fixed length control field | 00559nam a22001937a 4500 |
| 003 - CONTROL NUMBER IDENTIFIER | |
| control field | GBCCL |
| 005 - DATE AND TIME OF LATEST TRANSACTION | |
| control field | 20241126110718.0 |
| 008 - FIXED-LENGTH DATA ELEMENTS--GENERAL INFORMATION | |
| fixed length control field | 230712b ||||| |||| 00| 0 eng d |
| 020 ## - INTERNATIONAL STANDARD BOOK NUMBER | |
| International Standard Book Number | 9780310243601 |
| 040 ## - CATALOGING SOURCE | |
| Transcribing agency | gbc |
| 082 ## - DEWEY DECIMAL CLASSIFICATION NUMBER | |
| Classification number | 225.77 |
| Item number | ZON |
| 100 ## - MAIN ENTRY--PERSONAL NAME | |
| Personal name | Klink, Edward W, III |
| Dates associated with a name | 1975- |
| 9 (RLIN) | 16241 |
| 245 ## - TITLE STATEMENT | |
| Title | John / |
| Statement of responsibility, etc. | Edward W Klink, III |
| 260 ## - PUBLICATION, DISTRIBUTION, ETC. | |
| Place of publication, distribution, etc. | Grand Rapids : |
| Name of publisher, distributor, etc. | Zondervan, |
| Date of publication, distribution, etc. | 2016 |
| 300 ## - PHYSICAL DESCRIPTION | |
| Extent | 970pages |
| 440 ## - SERIES STATEMENT/ADDED ENTRY--TITLE | |
| Title | Zondervan exegetical commentary on the New Testament |
| Volume/sequential designation | v.4 |
| 9 (RLIN) | 16958 |
| 650 ## - SUBJECT ADDED ENTRY--TOPICAL TERM | |
| Topical term or geographic name entry element | Bible |
| Form subdivision | N.T. |
| General subdivision | Commentaries |
| 9 (RLIN) | 16951 |
| 942 ## - ADDED ENTRY ELEMENTS (KOHA) | |
| Source of classification or shelving scheme | Dewey Decimal Classification |
| Koha item type | Reference Books |
| Withdrawn status | Lost status | Source of classification or shelving scheme | Damaged status | Not for loan | Home library | Current Library | Shelving location | Date acquired | Total checkouts | Full call number | Barcode | Date last seen | Copy number | Price effective from | Koha item type |
|---|---|---|---|---|---|---|---|---|---|---|---|---|---|---|---|
| Dewey Decimal Classification | GRACE BIBLE COLLEGE | GRACE BIBLE COLLEGE | Commentary | 2023-07-12 | 225.77 ZON | 016354 | 2025-05-01 | v.4 | 2023-07-12 | Reference Books |